Statistics for Random World Map Quiz

Click here to take the quiz!

General Stats

  • This quiz has been taken 470 times
  • The average score is 18 of 20

Answers on the Map

Answers color-coded by a green-red scale on the quiz's map according to % correct below.
 

Answer Stats

Answer% Correct
Afghanistan
100%
Brazil
100%
Colombia
100%
Egypt
100%
Germany
100%
Kuwait
100%
Lesotho
100%
Libya
100%
Luxembourg
100%
New Zealand
100%
Pakistan
100%
Papua New
Guinea
100%
Serbia
100%
Sri Lanka
100%
Sudan
100%
Ukraine
100%
Vietnam
100%
China
97%
Uruguay
97%
Australia
96%
Azerbaijan
96%
Canada
96%
East Timor
96%
El Salvador
96%
Ghana
96%
Guinea
96%
Haiti
96%
Israel
96%
Morocco
96%
Namibia
96%
Portugal
96%
Russia
96%
Saint Lucia
96%
Taiwan
96%
Argentina
95%
Belarus
95%
Cameroon
95%
Democratic
Republic of
the Congo
95%
Gambia
95%
Georgia
95%
Italy
95%
Ivory Coast
95%
Lebanon
95%
Mali
95%
Mexico
95%
Mozambique
95%
Nicaragua
95%
Niger
95%
Paraguay
95%
Senegal
95%
Seychelles
95%
South Korea
95%
Angola
94%
Armenia
94%
Bolivia
94%
Cyprus
94%
Greece
94%
Mongolia
94%
Nepal
94%
North Korea
94%
Panama
94%
Saudi Arabia
94%
United States
94%
Cape Verde
93%
Czech Republic
93%
Eritrea
93%
Japan
93%
Laos
93%
Latvia
93%
Malawi
93%
Romania
93%
Saint Kitts
and Nevis
93%
Switzerland
93%
Albania
92%
Iran
92%
Lithuania
92%
Singapore
92%
Somalia
92%
Costa Rica
91%
Denmark
91%
Equatorial
Guinea
91%
Malta
91%
Spain
91%
Turkmenistan
91%
United Kingdom
91%
Yemen
91%
Belgium
90%
Brunei
90%
Central African
Republic
90%
Chad
90%
Chile
90%
Guinea-Bissau
90%
India
90%
Jamaica
90%
Mauritania
90%
Nigeria
90%
North
Macedonia
90%
Slovenia
90%
South Africa
90%
South Sudan
90%
Sweden
90%
Tunisia
90%
Belize
89%
Bosnia and
Herzegovina
89%
Ecuador
89%
France
89%
Hungary
89%
Kazakhstan
89%
Moldova
89%
Norway
89%
Peru
89%
United Arab
Emirates
89%
Andorra
88%
Botswana
88%
Djibouti
88%
Dominican
Republic
88%
Estonia
88%
Finland
88%
Guyana
88%
Iceland
88%
Indonesia
88%
Jordan
88%
Kenya
88%
Maldives
88%
Rwanda
88%
Sierra Leone
88%
Turkey
88%
Uganda
88%
Venezuela
88%
Bahamas
87%
Comoros
87%
Federated States
of Micronesia
87%
Kiribati
87%
Oman
87%
Bulgaria
86%
Liechtenstein
86%
Madagascar
86%
Monaco
86%
Philippines
86%
Tajikistan
86%
Austria
85%
Bangladesh
85%
Cambodia
85%
Croatia
85%
Dominica
85%
Ethiopia
85%
Kyrgyzstan
85%
Malaysia
85%
Montenegro
85%
Qatar
85%
Thailand
85%
Zambia
85%
Barbados
84%
Bhutan
84%
Iraq
84%
Togo
84%
Trinidad and
Tobago
84%
Zimbabwe
84%
Algeria
83%
Benin
83%
Ireland
83%
Marshall Islands
83%
Netherlands
83%
Suriname
83%
Syria
83%
Uzbekistan
83%
Cuba
82%
Liberia
82%
Nauru
82%
Palau
82%
Samoa
82%
Tanzania
82%
Mauritius
81%
Poland
80%
Vatican City
80%
Bahrain
79%
San Marino
79%
Republic of
the Congo
78%
Fiji
77%
Tonga
77%
Saint Vincent
and the
Grenadines
76%
Guatemala
75%
Myanmar
75%
São Tomé
and Príncipe
75%
Solomon Islands
75%
Slovakia
74%
Tuvalu
74%
Burkina Faso
72%
Grenada
72%
Eswatini
71%
Gabon
71%
Honduras
68%
Antigua and
Barbuda
65%
Kosovo
65%
Burundi
64%
Vanuatu
53%

Score Distribution

Percentile by Number Answered

Percent of People with Each Score

Your Score History

You have not taken this quiz